The evaluation of astronomical imaging using active optical element / adaptive optics for stellar photometry /
Saved in:
| Main Author: | |
|---|---|
| Format: | Thesis Book |
| Language: | English |
| Published: |
2009.
|
| Subjects: | |
| Tags: |
Add Tag
No Tags, Be the first to tag this record!
|
| LEADER | 00975cam a2200253 a 4500 | ||
|---|---|---|---|
| 001 | u797314 | ||
| 003 | SIRSI | ||
| 005 | 201009271632 | ||
| 008 | 100927s2009 my a t 000 0 eng m | ||
| 040 | |a UMM | ||
| 090 | |a QC3 |b UM 2009 Joksatb | ||
| 100 | 0 | |a Joko Satria Ardianto Tumiran Bilal. | |
| 245 | 1 | 4 | |a The evaluation of astronomical imaging using active optical element / adaptive optics for stellar photometry / |c Joko Satria Ardianto bin Tumiran Bilal. |
| 260 | |c 2009. | ||
| 502 | |a Dissertation (M.Sc.) -- Jabatan Fizik, Fakulti Sains, Universiti Malaya, 2010. | ||
| 504 | |a Bibliography: leaves 146-150. | ||
| 650 | 0 | |a Imaging systems in astronomy. | |
| 650 | 0 | |a Optical instruments. | |
| 650 | 0 | |a Astronomical photometry. | |
| 650 | 0 | |a Atmospheric turbulence. | |
| 710 | 2 | |a Universiti Malaya. |b Jabatan Fizik. | |
| 900 | |a ZSA | ||
| 596 | |a 1 | ||
| 999 | |a QC3 UM 2009 JOKSATB |w LC |c 1 |i A514476385 |d 25/6/2014 |e 25/6/2014 |f 10/3/2011 |g 1 |l STACKS |m P01UTAMA |n 14 |r Y |s Y |t TESIS |u 8/3/2011 | ||
